Most Populous US Cities by ANY 3 Letters Quiz Stats

 Plays Quiz Updated Sep 12, 2017

Challenge
Share
Tweet
Embed
Score 0/200 Timer 07:00
32 Plays Today
# City % Correct
136Newport News, Virginia
99.2%
49New Orleans, Louisiana
99.1%
1New York, New York
99.1%
2Los Angeles, California
99%
70Newark, New Jersey
98.9%
7San Antonio, Texas
98.5%
8San Diego, California
98%
135Santa Clarita, California
97.9%
57Santa Ana, California
97.8%
13San Francisco, California
97.7%
143Santa Rosa, California
97.6%
101San Bernardino, California
97.5%
10San Jose, California
96.9%
9Dallas, Texas
96.4%
4Houston, Texas
96%
22Boston, Massachusetts
95.3%
199Charleston, South Carolina
94.9%
139Fort Lauderdale, Florida
94.5%
3Chicago, Illinois
94.2%
21Washington, D.C.
94%
26Portland, Oregon
93.7%
89Winston-Salem, North Carolina
92.9%
156Fort Collins, Colorado
92.7%
90North Las Vegas, Nevada
92.6%
50Wichita, Kansas
92.2%
131Port St. Lucie, Florida
92.1%
40Colorado Springs, Colorado
91.5%
12Jacksonville, Florida
91.4%
73Orlando, Florida
91.1%
6Philadelphia, Pennsylvania
90.9%
51Cleveland, Ohio
90.9%
48Arlington, Texas
89.5%
97Arlington, Virginia
89.5%
84Chandler, Arizona
89.1%
27Oklahoma City, Oklahoma
89%
38Atlanta, Georgia
88.9%
124Salt Lake City, Utah
88.8%
105Birmingham, Alabama
88.6%
24Nashville, Tennessee
88.5%
79St. Petersburg, Florida
88.4%
98Baton Rouge, Louisiana
87.8%
37Kansas City, Missouri
87.7%
172Kansas City, Kansas
87.7%
95Garland, Texas
87.1%
45Oakland, California
87.1%
129Overland Park, Kansas
86.8%
15Indianapolis, Indiana
86.6%
60Lexington, Kentucky
86.3%
28Las Vegas, Nevada
86.3%
115Huntington Beach, California
86.2%
29Louisville, Kentucky
86.1%
86Glendale, Arizona
86.1%
113Glendale, California
86.1%
193West Valley City, Utah
85.9%
17Charlotte, North Carolina
85.6%
85Scottsdale, Arizona
85.4%
160Lancaster, California
85%
162Palmdale, California
84.8%
138Providence, Rhode Island
84.7%
61St. Louis, Missouri
84.6%
176Rockford, Illinois
84.2%
144Garden Grove, California
84.1%
25Memphis, Tennessee
83.9%
197Midland, Texas
83.9%
181Bridgeport, Connecticut
83.8%
167Pasadena, Texas
83.5%
186Pasadena, California
83.5%
# City % Correct
123Shreveport, Louisiana
83.4%
190Dayton, Ohio
83.4%
46Minneapolis, Minnesota
83.3%
16Fort Worth, Texas
83%
163Salinas, California
83%
62Stockton, California
82.9%
150Jackson, Mississippi
82.7%
192Thornton, Colorado
82.5%
42Miami, Florida
82.2%
19Denver, Colorado
82.2%
18Seattle, Washington
82.1%
71Lincoln, Nebraska
82.1%
195Hampton, Virginia
81.9%
174Clarksville, Tennessee
81.7%
140Chattanooga, Tennessee
81.6%
188Fullerton, California
81.6%
76Fort Wayne, Indiana
81.4%
153Springfield, Missouri
81.3%
166Springfield, Massachusetts
81.3%
5Phoenix, Arizona
81%
133Brownsville, Texas
81%
130Knoxville, Tennessee
80.9%
141Rancho Cucamonga, California
80.9%
77Jersey City, New Jersey
80.4%
110Moreno Valley, California
80.2%
108Rochester, New York
79.4%
178Naperville, Illinois
79.4%
164Alexandria, Virginia
79.2%
64St. Paul, Minnesota
79.1%
125Huntsville, Alabama
79%
111Fayetteville, North Carolina
78.6%
122Grand Rapids, Michigan
77.9%
14Columbus, Ohio
77.6%
120Columbus, Georgia
77.6%
11Austin, Texas
77.1%
128Grand Prairie, Texas
77%
63Pittsburgh, Pennsylvania
76.9%
200Columbia, South Carolina
76.6%
23Detroit, Michigan
75.7%
152Salem, Oregon
75.4%
96Fremont, California
75.2%
82Madison, Wisconsin
74.5%
30Baltimore, Maryland
74.3%
41Raleigh, North Carolina
73.8%
179Paterson, New Jersey
73.8%
118Little Rock, Arkansas
73.1%
137Cape Coral, Florida
72.7%
33Tucson, Arizona
72.6%
99Richmond, Virginia
72.5%
67Henderson, Nevada
72.3%
35Sacramento, California
71.2%
69Plano, Texas
70.6%
32Albuquerque, New Mexico
69.2%
116Montgomery, Alabama
68.9%
65Cincinnati, Ohio
68.7%
43Virginia Beach, Virginia
68.6%
102Spokane, Washington
68.2%
104Modesto, California
68%
107Fontana, California
68%
127Tallahassee, Florida
67.6%
145Vancouver, Washington
66.6%
39Long Beach, California
65.6%
66Anchorage, Alaska
65.3%
132Worcester, Massachusetts
65%
170Pomona, Caliornia
64.8%
91Irving, Texas
64.3%
68Greensboro, North Carolina
62.8%
# City % Correct
20El Paso, Texas
62.6%
81Buffalo, New York
62.5%
59Riverside, California
62.5%
88Norfolk, Virginia
62.2%
106Tacoma, Washington
61.3%
52Tampa, Florida
61.1%
177Torrance, California
61%
53Bakersfield, California
60.7%
185McAllen, Texas
60.6%
117Amarillo, Texas
59.8%
55Honolulu, Hawaii
59.4%
94Hialeah, Florida
58.9%
103Des Moines, Iowa
58.6%
92Chesapeake, Virginia
58.2%
31Milwaukee, Wisconsin
58%
78Durham, North Carolina
57.6%
180Savannah, Georgia
57.4%
196Warren, Michigan
56.2%
168Sunnyvale, California
55.3%
183Killeen, Texas
55.3%
154Corona, California
54.9%
56Anaheim, California
54.6%
44Omaha, Nebraska
54.5%
34Fresno, California
53.8%
146Sioux Falls, South Dakota
53.8%
173Escondido, California
53.7%
121Augusta, Georgia
53.4%
58Corpus Christi, Texas
53%
87Reno, Nevada
51.3%
74Chula Vista, California
51.2%
100Boise, Idaho
50.4%
126Mobile, Alabama
50%
151Pembroke Pines, Florida
50%
80Laredo, Texas
49.5%
72Toledo, Ohio
49.4%
189Orange, California
48.4%
165Lakewood, Colorado
47.9%
187Bellevue, Washington
47.9%
47Tulsa, Oklahoma
46.2%
54Aurora, Colorado
46.1%
112Aurora, Illinois
46.1%
191Miramar, Flordia
45.3%
182Mesquite, Texas
45.2%
147Ontario, California
44.1%
142Oceanside, California
44%
169Macon, Georgia
42.9%
36Mesa, Arizona
42.9%
171Hollywood, Florida
42%
184Syracuse, New York
41.6%
75Irvine, California
41.5%
119Akron, Ohio
41.4%
194Olathe, Kansas
40.5%
93Gilbert, Arizona
40.1%
159Cary, North Carolina
39.8%
114Yonkers, New York
38.7%
83Lubbock, Texas
38.2%
155Eugene, Oregon
37.8%
161Hayward, California
34%
157Peoria, Arizona
33.6%
149Elk Grove, California
32.4%
158Frisco, TX
32%
198Waco, Texas
30.7%
175Joliet, Illinois
30.2%
134Tempe, Arizona
29.9%
148McKinney, Texas
29.2%
109Oxnard, California
28.9%

You're not logged in!

Compare scores with friends on all Sporcle quizzes.
Join for Free
OR
Log In

You Might Also Like...

Show Comments

Extras

Top Quizzes Today


Score Distribution

Your Account Isn't Verified!

In order to create a playlist on Sporcle, you need to verify the email address you used during registration. Go to your Sporcle Settings to finish the process.

Report this User

Report this user for behavior that violates our Community Guidelines.

Details: